• 首页
  • 本馆介绍
  • 公告通知
  • 最新文献
  • 馆藏检索
  • 电子资源
  • 读者导购
  • 参考咨询
  • 我的图书馆
  • 登录
  • 详细信息显示
  • 放入我的书架
  • 预约/预借图书
  • 作者相关作品
  • 分类相关作品
  • 丛书相关作品
  • 出版社相关作品

书目信息

  • 表格格式
  • 工作单格式
  • 卡片格式
题名:
别让不好意思害了你
    
 
作者: 思履 编著
分册:  
出版信息: 长春   吉林文史出版社有限责任公司  2017
页数: 244页
开本: 21cm
丛书名:
单 册:
中图分类: C912.11-49
科图分类:
主题词: 心理交往--通俗读物
电子资源:
ISBN: 978-7-5472-4078-6
000 00845nam0 2200229 450
001 1523
005 20180522130002.40
010    @a978-7-5472-4078-6@b精装@dCNY49.00
100    @a20170905d2017 em y0chiy50 ea
101 0  @achi
102    @aCN@b220000
105    @ay z 000yy
200 1  @a别让不好意思害了你@9bie rang bu hao yi si hai le ni@f思履编著
210    @a长春@c吉林文史出版社有限责任公司@d2017
215    @a244页@d21cm
300    @a人生成长修炼课
330    @a本书通过大量的事实和案例探讨了“不好意思”这种现象产生的原因,分析了“不好意思”的危害,引导读者去除不好意思的心理,学会拒绝别人的不合理要求,学会赞美和沟通,不再懦弱和自卑,做生活中的主人,做内心强大的自己。
606 0  @a心理交往@j通俗读物
690    @aC912.11-49@v5
701  0 @a思履@9si lv@4编著
801  0 @aCN@b91MARC@c20170905
905    @aMuseLib@dC912.11@e1252
    
    别让不好意思害了你/思履编著.-长春:吉林文史出版社有限责任公司,2017
    244页;21cm
    人生成长修炼课
    
    ISBN 978-7-5472-4078-6(精装):CNY49.00
    本书通过大量的事实和案例探讨了“不好意思”这种现象产生的原因,分析了“不好意思”的危害,引导读者去除不好意思的心理,学会拒绝别人的不合理要求,学会赞美和沟通,不再懦弱和自卑,做生活中的主人,做内心强大的自己。
●
相关链接 在E读中查询图书 在五车中查询图书 在当当中查询图书 在豆瓣中查询图书


正题名:别让不好意思害了你     索取号:C912.11/1252         预约/预借

序号 登录号 条形码 馆藏地/架位号 状态 备注
1 1060724   210607244   第一样本阅览室/ [索取号:C912.11/1252] 在馆    
2 1060725   210607253   第一借阅区/ [索取号:C912.11/1252] 在馆    
3 1060726   210607262   第一借阅区/ [索取号:C912.11/1252] 在馆    
4 1060727   210607271   第一借阅区/ [索取号:C912.11/1252] 在馆    
5 1060728   210607280   第一借阅区/ [索取号:C912.11/1252] 在馆    
6 1060729   210607299   密集书库-马院/ [索取号:C912.11/1252] 在馆    
7 1105023   211050235   第一借阅区/ [索取号:C912.11/1252] 在馆    
8 1105024   211050244   教育系资料室/ [索取号:C912.11/1252] 在馆    
9 1105025   211050253   教育系资料室/ [索取号:C912.11/1252] 在馆    
10 1105026   211050262   教育系资料室/ [索取号:C912.11/1252] 在馆    
11 1105027   211050271   第一借阅区/ [索取号:C912.11/1252] 在馆    
12 1105028   211050280   第一借阅区/ [索取号:C912.11/1252] 在馆    
唐山师范学院图书馆 欢迎您!
大连网信软件有限公司© 版权所有